Baju merah jambu

Bibliographic Details
Format: Book
Published: Kuala Lumpur : Fargoes , 2005
Series:Siri tekun membaca
Subjects:

MARC

LEADER 00000cam a2200000 7i4500
001 0000000286
005 20151222.0
008 070627
020 |a 9831283120 
090 0 0 |a JF   |b MOR JAW (282) 
245 0 0 |a Baju merah jambu 
260 |a Kuala Lumpur :   |b Fargoes ,   |c 2005 
440 |a Siri tekun membaca 
500 |a Children ages 7-9 years old (orange) 
650 0 |a Jawi 
650 0 |a Junior fiction   |x Malay   |x Languages 
999 |a 0000899926   |b Book   |c Children Collection   |e Cawangan Tmn. Ungku Tun Aminah 
999 |a 0000899927   |b Book   |c Children Collection   |e Cawangan Tmn. Ungku Tun Aminah 
999 |a 0000899930   |b Book   |c Children Collection   |e Cawangan Tangkak 
999 |a 0000899931   |b Book   |c Children Collection   |e Cawangan Tangkak 
999 |a 0000899934   |b Book   |c Children Collection   |e Cawangan Mersing 
999 |a 0000899935   |b Book   |c Children Collection   |e Cawangan Mersing 
999 |a 0000954671   |b Book   |c Children Collection   |e Cawangan Mersing 
999 |a 0000954672   |b Book   |c Children Collection   |e Cawangan Urban Transformation Centre 
999 |a 0000954673   |b Book   |c Children Collection   |e Perbadanan Perpustakaan Awam Johor 
999 |a 0000988490   |b Book   |c Children Collection   |e Cawangan Taman Universiti 
999 |a 0000988491   |b Book   |c Children Collection   |e Cawangan Taman Universiti